000 00214nam a2200097Ia 4500
008 190216s9999||||xx |||||||||||||| ||und||
100 _aGovernment Of India
245 0 _aThird Year Plan
260 _bNull
942 _cBK
999 _c9090
_d9090